| 000 | 01021cam a2200253 a 4500 | ||
|---|---|---|---|
| 005 | 20060719195018.0 | ||
| 008 | 950309s1994 ii a b 001 0ceng | ||
| 010 | _aENG-95314 | ||
| 020 |
_a9780198064183 _c650.00 |
||
| 020 |
_a0198064187 _c650.00 |
||
| 035 | _aEN-78847 | ||
| 037 | _aDBAD/PUB | ||
| 040 | _aDPL | ||
| 245 |
_aPolitical Hinduism The religious imagination in public spheres _cedited by Vinay Lal |
||
| 260 |
_aNew Delhi : _bOxford University Press, _c2009 |
||
| 300 |
_avi, 287 p. : _c22 cm.(Hb) |
||
| 500 | _a"Centre of Advanced Study in History, Aligarh Muslim University." | ||
| 504 | _aIncludes indexes. | ||
| 710 |
_aAligarh Muslim University. _bCentre of Advanced Study in History. |
||
| 856 | _uhttp://www.loc.gov/catdir/enhancements/fy0605/94906723-d.html | ||
| 942 |
_2ddc _cEN _mLAL |
||
| 999 |
_c31324 _d31324 |
||